| 000 | 00987nam a2200265 a 4500 | ||
|---|---|---|---|
| 999 |
_c473128 _d473128 |
||
| 003 | BLK | ||
| 005 | 20250717085249.0 | ||
| 008 | 220831b bu |||||r|||| 00| 0 bu d | ||
| 020 | _a9789542840152 | ||
| 040 | _aBLK | ||
| 041 |
_aBUL _cBUL |
||
| 080 |
_aАнглийска литература _b821.111 _x-312.4 _z821.111-312.4 |
||
| 100 |
_91299 _aБраунлоу, Джон _eпърви автор |
||
| 139 |
_aБраунлоу, Джон _bБ 78 |
||
| 245 |
_aСедемнайсет _bРоман _cДжон Браунлоу ; прев. от англ. Богдан Русев. |
||
| 257 | _aGBR | ||
| 260 |
_9217021 _aСофия _bСиела Норма _c2022 _n978-954-28- |
||
| 300 |
_a424 с. _c21 см |
||
| 380 | _aX | ||
| 500 | _aОриг. загл. Seventeen / John Brownlow. | ||
| 700 |
_aРусев, Богдан Бориславов _d1975- _9365584 |
||
| 852 |
_bП _c821-31/Б 78 Д |
||
| 942 |
_cKNG _n0 _s1 _061 |
||
| 944 |
_aCR _c2022-09-12 _k30530 _lМинев Младен |
||